000 00845cam a2200301Ia 4500
001 42495
005 20230410132804.0
008 820508s1970 sp a 000 0 spa d
035 _a(OCoLC)ocm08411571
040 _aPLF
_cPLF
_dCNE
035 _a(OCoLC)8411571
041 1 _aspa
_heng
050 1 4 _aQH 308.2
_bR573i 1970
082 0 0 _a574
049 _aGRAL
100 1 _aRiley, James F.,
_d1912-
245 1 0 _aIntroducción a la Biología /
_cJames F. Riley ; traductor, Eloy Terrón.
260 _aMadrid :
_bAlianza Editorial,
_c1970.
300 _a197 p. :
_bill. ;
_c19 cm.
490 0 _aEl libro de bolsillo.
500 _aTranslation of : Introducing biology.
504 _aBibliography: p. 193-197.
650 0 _aBiology.
650 7 _aBiología.
_2bidex
942 _2lcc
_cbk
946 _almminaya
994 _aC0
_bDRFGD
999 _c87779
_d87779